000 00365nam a2200157Ia 4500
003 Ost
005 20260225132559.0
008 260225s9999||||xx |||||||||||||| ||und||
040 _cfsic
041 _afre
082 _a302.23
100 _aDomminique Berlin
_eAuteur
245 0 _aControle des concentrations /
245 0 _cDomminique Berlin
942 _cكتاب
999 _c34645
_d34645